ИДНАКАР. Методы историко-культурной реконструкции. 2016, № 3 (32): По следам Ижевско-Воткинского восстания (Запись № 11249323)

Подробности
000 -МАРКЕР
контрольное поле 01070nam2a2200229 4500
001 - ИДЕНТИФИКАТОР ЗАПИСИ
контрольное поле RU\NLR\BIBL_A\011351823
005 - ИДЕНТИФИКАТОР ВЕРСИИ
контрольное поле 20260408202412.0
035 ## - ДРУГИЕ СИСТЕМНЫЕ НОМЕРА
Идентификатор записи (NLR Aleph) 011351823
100 ## - ДАННЫЕ ОБЩЕЙ ОБРАБОТКИ
Данные общей обработки 20170322d2016 |||y0rusy50 ca
101 0# - ЯЗЫК РЕСУРСА
Язык текста, звукозаписи и т.д. русский
102 ## - СТРАНА ПУБЛИКАЦИИ ИЛИ ПРОИЗВОДСТВА
Страна публикации Российская Федерация
200 1# - ЗАГЛАВИЕ И СВЕДЕНИЯ ОБ ОТВЕТСТВЕННОСТИ
Основное заглавие По следам Ижевско-Воткинского восстания
210 ## - ПУБЛИКАЦИЯ, РАСПРОСТРАНЕНИЕ И ДР.
Дата издания, распространения и т.д. 2016
Место издания, распространения и т.д. Б. м.
461 #0 - УРОВЕНЬ НАБОРА
Встроенное поле 001RU\NLR\Per\606536
-- 2001#$aИДНАКАР. Методы историко-культурной реконструкции$eнаучный журнал$v2016, № 3 (32)
Системный номер (АБИС) связанной записи 3072373
Место публикации Ижевск
Дата публикации 2007 -
Имя издателя, распространителя и т.д. Алексей Коробейников
Сведения, относящиеся к заглавию научный журнал
Заглавие ИДНАКАР. Методы историко-культурной реконструкции
ISSN 1994-5698
Номер тома 2016, № 3 (32)
606 ## - НАИМЕНОВАНИЕ ТЕМЫ КАК ПРЕДМЕТ
Наименование темы Ижевско-Воткинское восстание
Формальный подзаголовок Сборники
Хронологический подзаголовок 1918
Системный номер авторитетной/нормативной записи 2533398
Идентификатор авторитетной/нормативной записи RU\NLR\AUTH\661500454
686 1# - ИНДЕКСЫ ДРУГИХ КЛАССИФИКАЦИЙ
Индекс Т3(2)712-491я43
852 ## - МЕСТОНАХОЖДЕНИЕ И ШИФР ХРАНЕНИЯ
Идентификатор организации NLR
Шифр хранения (Call Number) П22/8909
942 ## - ДОПОЛНИТЕЛЬНЫЕ ЭЛЕМЕНТЫ ЗАПИСИ (АБИС)
Тип экземпляра АБИС Выпуск
980 ## - КОЛЛЕКЦИЯ
Название коллекции Национальная библиография
980 ## - КОЛЛЕКЦИЯ
Название коллекции Русская периодика

Нет доступных экземпляров.